Teatro crítico universal : (Record no. 21589)
[ view plain ]
| 000 -CABECERA | |
|---|---|
| campo de control de longitud fija | 00907nam a2200229 a 4500 |
| 001 - NÚMERO DE CONTROL | |
| campo de control | 000022091 |
| 005 - FECHA Y HORA DE LA ÚLTIMA TRANSACCIÓN | |
| campo de control | 20200930011558.0 |
| 008 - DATOS DE LONGITUD FIJA--INFORMACIÓN GENERAL | |
| campo de control de longitud fija | 100916s1970 sp r 000 d spa d |
| 040 ## - FUENTE DE LA CATALOGACIÓN | |
| Centro catalogador/agencia de origen | DO-SdBNP |
| Lengua de catalogación | spa |
| Centro/agencia transcriptor | BNPHU |
| 082 ## - NÚMERO DE LA CLASIFICACIÓN DECIMAL DEWEY | |
| Número de clasificación | 862.4 |
| Número de documento/Ítem | F297t |
| 049 ## - FONDOS LOCALES (OCLC) | |
| Fondos de biblioteca | BNGR |
| 100 1# - ENTRADA PRINCIPAL--NOMBRE DE PERSONA | |
| Nombre de persona | Feijoo, Benito, |
| Fechas asociadas al nombre | 1676-1764. |
| 9 (RLIN) | 45773 |
| 245 10 - MENCIÓN DE TÍTULO | |
| Título | Teatro crítico universal : |
| Resto del título | Cartas eruditas y curiosas (antología) / |
| Mención de responsabilidad, etc. | Benito Jerónimo Feijoo y Montenegro ; selección y prólogo de Carmen Martín Gaite. |
| 260 ## - PUBLICACIÓN, DISTRIBUCIÓN, ETC. | |
| Lugar de publicación, distribución, etc. | Madrid : |
| Nombre del editor, distribuidor, etc. | Alianza Editorial, |
| Fecha de publicación, distribución, etc. | 1970. |
| 300 ## - DESCRIPCIÓN FÍSICA | |
| Extensión | 204, [4] p. ; |
| Dimensiones | 18 cm. |
| 490 1# - MENCIÓN DE SERIE | |
| Mención de serie | El libro de bolsillo |
| -- | clásicos |
| Designación de volumen o secuencia | 225 |
| 650 #4 - PUNTO DE ACCESO ADICIONAL DE MATERIA--TÉRMINO DE MATERIA | |
| Término de materia o nombre geográfico como elemento de entrada | Teatro español |
| Subdivisión general | Historia y crítica |
| 9 (RLIN) | 15506 |
| 650 #4 - PUNTO DE ACCESO ADICIONAL DE MATERIA--TÉRMINO DE MATERIA | |
| Término de materia o nombre geográfico como elemento de entrada | Cartas españolas |
| 9 (RLIN) | 9744 |
| 650 #4 - PUNTO DE ACCESO ADICIONAL DE MATERIA--TÉRMINO DE MATERIA | |
| Término de materia o nombre geográfico como elemento de entrada | Literatura española |
| Subdivisión general | Historia y crítica |
| Subdivisión cronológica | SIGLO XVIII |
| 9 (RLIN) | 45774 |
| 700 1# - PUNTO DE ACCESO ADICIONAL--NOMBRE DE PERSONA | |
| Nombre de persona | Martín Gaite, Carmen |
| Término indicativo de función/relación | pról. |
| 9 (RLIN) | 21740 |
| 830 #0 - PUNTO DE ACCESO ADICIONAL DE SERIE-TÍTULO UNIFORME | |
| Título uniforme | El libro de bolsillo ; |
| Nombre de parte o sección de la obra | clásicos |
| Designación de volumen o secuencia | 225 |
| 9 (RLIN) | 45775 |
| Estado de retiro | Estado de pérdida | Restricciones de uso | No para préstamo | Código de colección | Localización permanente | Ubicación/localización actual | Ubicación en estantería | Fecha de adquisición | Número de inventario | Total de préstamos | Signatura topográfica completa | Código de barras | Fecha visto por última vez | Precio válido a partir de | Tipo de ítem Koha |
|---|---|---|---|---|---|---|---|---|---|---|---|---|---|---|---|
| Monografías: Libros y Folletos | General | General | En catalogación | 16.09.2010 | LF1 | 862.4 F297t | 22091-10 | 25.06.2020 | 25.06.2020 | Préstamo en sala | |||||
| Monografías: Libros y Folletos | General | General | Orden iniciada | 19.05.2014 | LF1 | 862.4 F297t | 22091-20 | 25.06.2020 | 25.06.2020 | No se presta |
